|
|
|
|
| LEADER |
02688nam a22004695i 4500 |
| 001 |
978-3-319-24496-9 |
| 003 |
DE-He213 |
| 005 |
20161026201406.0 |
| 007 |
cr nn 008mamaa |
| 008 |
151117s2016 gw | s |||| 0|eng d |
| 020 |
|
|
|a 9783319244969
|9 978-3-319-24496-9
|
| 024 |
7 |
|
|a 10.1007/978-3-319-24496-9
|2 doi
|
| 040 |
|
|
|d GrThAP
|
| 245 |
1 |
0 |
|a Gender Responsive and Participatory Budgeting
|h [electronic resource] :
|b Imperatives for Equitable Public Expenditure /
|c edited by Cecilia Ng.
|
| 264 |
|
1 |
|a Cham :
|b Springer International Publishing :
|b Imprint: Springer,
|c 2016.
|
| 300 |
|
|
|a XXIII, 212 p. 39 illus., 17 illus. in color.
|b online resource.
|
| 336 |
|
|
|a text
|b txt
|2 rdacontent
|
| 337 |
|
|
|a computer
|b c
|2 rdamedia
|
| 338 |
|
|
|a online resource
|b cr
|2 rdacarrier
|
| 347 |
|
|
|a text file
|b PDF
|2 rda
|
| 490 |
1 |
|
|a SpringerBriefs in Environment, Security, Development and Peace,
|x 2193-3162 ;
|v 22
|
| 505 |
0 |
|
|a Making public expenditures equitable: When GRB meets PB -- Interlinking gender responsiveness and participation in public budgeting processes -- Women in budgeting: A critical assessment of participatory budgeting experiences -- Gender responsive and participatory budgeting in Penang: The people-oriented model -- Community participation and women’s empowerment: The Kerala experience of participatory planning and budgeting -- Integrating gender equality, women’s rights and participation in the budget process: A survey of entry points and practical examples.
|
| 520 |
|
|
|a This unique book focuses on the hybridization of grassroots participation in planning, implementing, and developing gender-responsive budgeting. It explores the possibilities for gender sensitive budgeting when implemented using techniques that have been popularized by participatory governance activists. A combination of the two allows for a whole new way of ensuring public budgets are used equitably.
|
| 650 |
|
0 |
|a Social sciences.
|
| 650 |
|
0 |
|a Public policy.
|
| 650 |
|
0 |
|a Economic geography.
|
| 650 |
|
0 |
|a Sociology.
|
| 650 |
|
0 |
|a Sex (Psychology).
|
| 650 |
|
0 |
|a Gender expression.
|
| 650 |
|
0 |
|a Gender identity.
|
| 650 |
1 |
4 |
|a Social Sciences.
|
| 650 |
2 |
4 |
|a Gender Studies.
|
| 650 |
2 |
4 |
|a Economic Geography.
|
| 650 |
2 |
4 |
|a Public Policy.
|
| 700 |
1 |
|
|a Ng, Cecilia.
|e editor.
|
| 710 |
2 |
|
|a SpringerLink (Online service)
|
| 773 |
0 |
|
|t Springer eBooks
|
| 776 |
0 |
8 |
|i Printed edition:
|z 9783319244945
|
| 830 |
|
0 |
|a SpringerBriefs in Environment, Security, Development and Peace,
|x 2193-3162 ;
|v 22
|
| 856 |
4 |
0 |
|u http://dx.doi.org/10.1007/978-3-319-24496-9
|z Full Text via HEAL-Link
|
| 912 |
|
|
|a ZDB-2-EES
|
| 950 |
|
|
|a Earth and Environmental Science (Springer-11646)
|